002890000a220007300045001000018000002450115000183000053001337730029001861 aFondren, Judy10aModel in the making : LAM's for christ for the city and Viva Network USA join forces to reach Miami's children aVol. 79, Num. 1 (Enero-Marzo, 1999), Página 210 tLatin America Evangelist